Oxidative delignification chemistry
Na minha lista:
| Formato: | Livro |
|---|---|
| Idioma: | Undetermined |
| Publicado em: |
Washington, D.C.
American Chemical Society
2001
|
| Assuntos: | |
| Tags: |
Adicionar Tag
Sem tags, seja o primeiro a adicionar uma tag!
|
| Thư viện lưu trữ: | Trung tâm Học liệu Trường Đại học Cần Thơ |
|---|
| LEADER | 00495nam a2200169Ia 4500 | ||
|---|---|---|---|
| 001 | CTU_49420 | ||
| 008 | 210402s9999 xx 000 0 und d | ||
| 082 | |a 676.12 | ||
| 082 | |b A512 | ||
| 245 | 0 | |a Oxidative delignification chemistry | |
| 245 | 0 | |c Edited by DIMITRIS S ARGYROPOULOS | |
| 260 | |a Washington, D.C. | ||
| 260 | |b American Chemical Society | ||
| 260 | |c 2001 | ||
| 650 | |a wood-pulp,lignin | ||
| 650 | |x bleaching,oxidation | ||
| 980 | |a Trung tâm Học liệu Trường Đại học Cần Thơ | ||